000
00203nam a2200109Ia 4500
100
_a
#N/A
942
_c
BK
654
_a
vlsi
245
_a
VLSI Circuits
260
_b
John wiley
_c
2002
546
_a
ENGLISH
999
_c
26885
_d
26885